000 00289nam a22001097a 4500
999 _c4125
_d4125
008 250121b ||||| |||| 00| 0 eng d
020 _a9781683424185
082 _a582 MCK
100 _aPRECIOUS MCKENZIE
_eMCKENZIE,PRECIOUS
245 _aTREES
942 _2ddc
_h582 MCK